书目信息 |
| 题名: |
中国美术史
|
|
| 作者: | 洪再新 | |
| 分册: | ||
| 出版信息: | 杭州 中国美术学院出版社 2006 |
|
| 页数: | 425 | |
| 开本: | 26cm | |
| 丛书名: | ||
| 单 册: | ||
| 中图分类: | TB21 | |
| 科图分类: | ||
| 主题词: | 工程--设计 | |
| 电子资源: | ||
| ISBN: | 7-81019-812-2 | |
| 000 | 00492nam0 2200181 450 | |
| 001 | 0754949328 | |
| 005 | 20070828151549.32 | |
| 010 | @a7-81019-812-2@d¥56.00 | |
| 100 | @a20070828d km y0chiy0120 ea | |
| 101 | 0 | @achi |
| 200 | 1 | @a中国美术史@Azhong guo mei shu shi@f洪再新@Fhong zai xin |
| 210 | @a杭州@c中国美术学院出版社@d2006 | |
| 215 | @a425@d26cm | |
| 606 | 0 | @a工程@x设计 |
| 690 | @aTB21@v3 | |
| 701 | 0 | @a洪再新@Ahong zai xin |
| 801 | 0 | @aCN@bPFT@c20070828 |
| 905 | @a213230@dTB21@eM48 | |
| 中国美术史/洪再新.-杭州:中国美术学院出版社,2006 |
| 425;26cm |
| ISBN 7-81019-812-2:¥56.00 |
| ● |
| 相关链接 |
|
|
|
|
正题名:中国美术史
索取号:TB21/M48
 
预约/预借
| 序号 | 登录号 | 条形码 | 馆藏地/架位号 | 状态 | 备注 |
| 1 | 6401669 | 264016692 | 密集书库-美术系/ [索取号:TB21/M48] | 在馆 | |
| 2 | 6401670 | 264016709 | 密集书库-美术系/ [索取号:TB21/M48] | 在馆 | |
| 3 | 6401674 | 264016745 | 密集书库-美术系/ [索取号:TB21/M48] | 在馆 |